[Event "Memorijal Danilo - Dajo Batricevic"]
[Site "Cetinje"]
[Date "2009.08.12"]
[Round "4.22"]
[White "Batricevic, Jovo"]
[Black "Stamatovic, Vladimir"]
[Result "1/2-1/2"]
[WhiteElo "2184"]
[BlackElo "1908"]
[PlyCount "227"]
[EventDate "2009.08.09"]
[EventRounds "9"]

1. e4 e5 2. Nc3 Nf6 3. Bc4 Nc6 4. d3 Bb4 5. Nge2 Na5 6. Bg5 Nxc4 7. dxc4 Be7 8.
Qd3 d6 9. f3 Be6 10. O-O-O Nd7 11. Bxe7 Qxe7 12. Ng3 Nc5 13. Qe2 O-O 14. Nd5
Qg5+ 15. Kb1 Qd8 16. h4 c6 17. Ne3 Qc7 18. Nef5 Rfd8 19. Qe3 Bxc4 20. Nh5 Ne6
21. b3 Bb5 22. Nfxg7 Nxg7 23. Nf6+ Kf8 24. Qh6 Ke7 25. Qxg7 Qc8 26. Nxh7 Qe6
27. Ng5 Qf6 28. Qxf6+ Kxf6 29. c4 Ba6 30. Rd2 Ke7 31. g4 b6 32. Rhd1 Bb7 33.
Kb2 Rd7 34. Nh3 Rh8 35. h5 Rhd8 36. f4 exf4 37. Nxf4 Rg8 38. Rg1 Rg5 39. Nd3
Rd8 40. Rh2 Bc8 41. Nf2 a6 42. Kc3 b5 43. Rh4 Rdg8 44. cxb5 axb5 45. Kd4 Be6
46. h6 c5+ 47. Ke3 c4 48. h7 Rh8 49. Kf4 Rg7 50. Rgh1 cxb3 51. axb3 Bxb3 52. g5
Be6 53. Nd3 f6 54. gxf6+ Kxf6 55. e5+ Ke7 56. exd6+ Kxd6 57. Nf2 b4 58. Ne4+
Ke7 59. Ke5 b3 60. Rh6 Bf7 61. Ra1 Rhxh7 62. Ra7+ Kf8 63. Ra8+ Be8 64. Rf6+ Rf7
65. Rb8 Rh5+ 66. Ke6 Rxf6+ 67. Nxf6 Rb5 68. Rxe8+ Kg7 69. Rg8+ Kh6 70. Rg1 b2
71. Rb1 Kg5 72. Nd5 Kg4 73. Ke5 Kf3 74. Kd4 Rb8 75. Kc3 Rc8+ 76. Kb3 Ke4 77.
Nb4 Rb8 78. Rxb2 Rh8 79. Rd2 Rc8 80. Rd7 Ke5 81. Rd5+ Ke4 82. Rh5 Ke3 83. Na6
Rc6 84. Nc5 Kd4 85. Kb4 Rb6+ 86. Ka4 Rb8 87. Na6 Rb1 88. Nb4 Kc3 89. Rh4 Ra1+
90. Kb5 Ra8 91. Nc6 Rg8 92. Rh3+ Kd2 93. Kc4 Rc8 94. Kd5 Rg8 95. Ne5 Rd8+ 96.
Ke4 Kc2 97. Nc6 Rd2 98. Nd4+ Kb2 99. Rb3+ Ka2 100. Rb5 Rd1 101. Ne2 Rd8 102.
Nc3+ Ka3 103. Rb7 Rh8 104. Kd4 Rh4+ 105. Ne4 Ka4 106. Kd3 Rh3+ 107. Kc4 Ka5
108. Rb5+ Ka6 109. Nc5+ Ka7 110. Rb7+ Ka8 111. Rd7 Kb8 112. Kb5 Rh6 113. Ne4
Kc8 114. Rd6 1/2-1/2

[Event "Memorijal Danilo - Dajo Batricevic"]
[Site "Cetinje"]
[Date "2009.08.12"]
[Round "4.23"]
[White "Markovic, Danko"]
[Black "Luksic, Vladimir"]
[Result "1/2-1/2"]
[WhiteElo "1946"]
[BlackElo "2143"]
[PlyCount "118"]
[EventDate "2009.08.09"]
[EventRounds "9"]

1. e4 e6 2. d4 c5 3. Nf3 cxd4 4. Nxd4 a6 5. Be2 Nf6 6. e5 Qa5+ 7. Nc3 Qxe5 8.
O-O Nc6 9. Nf3 Qc7 10. Bg5 Be7 11. Qd2 O-O 12. Bh4 d5 13. Bg3 Bd6 14. Bxd6 Qxd6
15. Rad1 Bd7 16. a3 Rac8 17. Ng5 h6 18. Nge4 Nxe4 19. Nxe4 Qe7 20. Ng3 Rfd8 21.
Rfe1 Be8 22. Bd3 Qc7 23. c3 d4 24. Bb1 dxc3 25. Qc2 g6 26. Qxc3 Rxd1 27. Rxd1
Qe5 28. Qc2 Ne7 29. Qd2 Kg7 30. Re1 Qd5 31. Qb4 Bc6 32. Be4 Qd7 33. Qc3+ f6 34.
Qe3 e5 35. h4 Bxe4 36. Qxe4 h5 37. f4 Nc6 38. Kh2 Qg4 39. fxe5 Nxe5 40. Qxb7+
Kh6 41. Qe4 Qd7 42. Qf4+ Kg7 43. Ne4 Ng4+ 44. Kh1 Qd4 45. Ng5 Qxf4 46. Ne6+ Kf7
47. Nxf4 Rc2 48. Rb1 Kg7 49. Ne6+ Kh6 50. Nd4 Rd2 51. Nf3 Rc2 52. a4 a5 53. Ne1
Re2 54. Kg1 g5 55. g3 Kg6 56. Kf1 Rf2+ 57. Kg1 Re2 58. Kf1 Rf2+ 59. Kg1 Re2
1/2-1/2

[Event "Memorijal Danilo - Dajo Batricevic"]
[Site "Cetinje"]
[Date "2009.08.12"]
[Round "4.24"]
[White "Jokic, Miodrag"]
[Black "Potpara, Nikola"]
[Result "1/2-1/2"]
[WhiteElo "2138"]
[BlackElo "1838"]
[PlyCount "104"]
[EventDate "2009.08.09"]
[EventRounds "9"]

1. d4 Nf6 2. c4 e6 3. Nf3 b6 4. e3 Bb7 5. Bd3 Bb4+ 6. Nbd2 O-O 7. O-O d5 8. a3
Be7 9. b3 Nbd7 10. Bb2 c5 11. Qe2 Rc8 12. Rfd1 Rc7 13. Ne5 Qa8 14. cxd5 exd5
15. Nxd7 Nxd7 16. Rac1 Rfc8 17. Bf5 Rd8 18. dxc5 bxc5 19. Bxd7 Rcxd7 20. Qg4
Bf8 21. Bf6 h5 22. Qg5 Re8 23. Qxh5 Rd6 24. Bg5 d4 25. Nf3 Rb6 26. exd4 Bxf3
27. gxf3 cxd4 28. Rxd4 g6 29. Qg4 Rxb3 30. Rf4 Qb8 31. Qd7 Rb7 32. Qd4 Rb5 33.
Bf6 Rh5 34. h4 Bh6 35. Bg5 Bxg5 36. hxg5 Rxg5+ 37. Rg4 Rh5 38. f4 a5 39. Qd3
Rd8 40. Qc4 Qb7 41. Rxg6+ Kh7 42. Rg2 Rg8 43. Qc6 Rxg2+ 44. Kxg2 Qxc6+ 45. Rxc6
Rb5 46. Ra6 Kg7 47. f3 Rc5 48. Kg3 Rb5 49. Kg4 Rc5 50. Kg3 Rb5 51. Kf2 Rb2+ 52.
Ke1 Rb5 1/2-1/2

[Event "Memorijal Danilo - Dajo Batricevic"]
[Site "Cetinje"]
[Date "2009.08.12"]
[Round "4.25"]
[White "Lekic, Lazar"]
[Black "Kraljevic, Ivan"]
[Result "0-1"]
[WhiteElo "1755"]
[BlackElo "2130"]
[PlyCount "58"]
[EventDate "2009.08.09"]
[EventRounds "9"]

1. e3 e5 2. b3 d5 3. Bb2 Nc6 4. d4 Bb4+ 5. Nd2 exd4 6. exd4 Nf6 7. Bb5 O-O 8.
Ngf3 Ne4 9. Bxc6 bxc6 10. O-O Bg4 11. Nxe4 dxe4 12. h3 Bh5 13. d5 exf3 14. Qd4
Qg5 15. g4 c5 16. Qc4 Bg6 17. a3 Bd2 18. Qxc5 f6 19. Qc4 h5 20. Bc1 Bxc1 21.
Raxc1 Rad8 22. Rcd1 hxg4 23. hxg4 Rfe8 24. Rd4 Bf7 25. Rfd1 Re5 26. Qxc7 Rde8
27. Rf1 Re4 28. Rxe4 Rxe4 29. Qc8+ Be8 0-1

[Event "Memorijal Danilo - Dajo Batricevic"]
[Site "Cetinje"]
[Date "2009.08.12"]
[Round "4.26"]
[White "Durutovic, Dragutin"]
[Black "Djukanovic, Mitar"]
[Result "1-0"]
[WhiteElo "2116"]
[BlackElo "1657"]
[PlyCount "53"]
[EventDate "2009.08.09"]
[EventRounds "9"]

1. e4 c6 2. d4 d5 3. Nc3 dxe4 4. Nxe4 Bf5 5. Ng3 Bg6 6. Bc4 e6 7. Nf3 Bd6 8.
Qe2 Nf6 9. O-O O-O 10. Ne5 Bxe5 11. dxe5 Nd5 12. Ne4 Nd7 13. f4 Qb6+ 14. Kh1
Nc5 15. Ng3 Nb4 16. f5 exf5 17. Nxf5 Bxf5 18. Rxf5 Ne6 19. Be3 Qc7 20. Bxe6
fxe6 21. Rxf8+ Rxf8 22. Bc5 Nd5 23. Bxf8 Kxf8 24. Rf1+ Kg8 25. Qf2 Qe7 26. Qxa7
h6 27. c4 1-0

[Event "Memorijal Danilo - Dajo Batricevic"]
[Site "Cetinje"]
[Date "2009.08.12"]
[Round "4.28"]
[White "Ashiku, Franc"]
[Black "Sonfalean, Maria-Laura"]
[Result "1-0"]
[WhiteElo "2041"]
[BlackElo "1736"]
[PlyCount "69"]
[EventDate "2009.08.09"]
[EventRounds "9"]

1. e4 e5 2. Nf3 Nc6 3. Bb5 a6 4. Ba4 Nf6 5. O-O b5 6. Bb3 Be7 7. Re1 d6 8. c3
O-O 9. h3 Na5 10. Bc2 h6 11. d3 Nh7 12. a4 c6 13. b4 Nb7 14. axb5 cxb5 15. Be3
f5 16. Bb3+ Kh8 17. exf5 Bxf5 18. Bd5 Rb8 19. Rxa6 Qc8 20. Rc6 Qd7 21. Rb6 Qc7
22. Rxb5 Nd8 23. Ra5 Nc6 24. Ra6 Bd7 25. Qb3 Nf6 26. Be6 Qc8 27. Qa4 Bxe6 28.
Qxc6 Qd8 29. Bb6 Qc8 30. Qxc8 Bxc8 31. Ra7 Nd5 32. Be3 Bxh3 33. c4 Nxe3 34.
Rxe3 Bg4 35. Rxe7 1-0

[Event "Memorijal Danilo - Dajo Batricevic"]
[Site "Cetinje"]
[Date "2009.08.12"]
[Round "4.31"]
[White "Dedic, Slavko"]
[Black "Jovancevic, Jovan"]
[Result "0-1"]
[WhiteElo "1989"]
[BlackElo "1887"]
[PlyCount "118"]
[EventDate "2009.08.09"]
[EventRounds "9"]

1. Nf3 Nf6 2. g3 d5 3. Bg2 g6 4. O-O Bg7 5. c4 c6 6. c5 Nfd7 7. d4 e5 8. Nxe5
Nxe5 9. dxe5 Bxe5 10. Nd2 Na6 11. Qc2 O-O 12. Rb1 Nb4 13. Qb3 Na6 14. Qa3 Qe7
15. Nf3 Bf5 16. Bh6 Bxb1 17. Bxf8 Rxf8 18. Nxe5 Qxe5 19. Rxb1 Qxe2 20. Bf1 Qc2
21. Bd3 Qxc5 22. b4 Qb6 23. Bxa6 bxa6 24. Qd3 Qb5 25. Qc2 Rc8 26. a4 Qb6 27.
Qc5 a5 28. Qxa5 Qxa5 29. bxa5 c5 30. Kf1 c4 31. Ke2 d4 32. Rd1 Re8+ 33. Kd2 Kg7
34. Rb1 Kf6 35. Rb4 Rc8 36. Kc2 Rc5 37. f4 Ke6 38. a6 Kd6 39. Rb7 Rc7 40. Rb4
f6 41. h3 g5 42. f5 h5 43. g4 h4 44. Rb5 Rc6 45. Rb4 Ke5 46. Rb7 Rxa6 47. Re7+
Kd5 48. Rd7+ Kc5 49. Re7 Rxa4 50. Re6 Ra2+ 51. Kb1 Rf2 52. Rxf6 c3 53. Rf8 d3
54. Rd8 Kc4 55. Re8 Kb3 56. Re1 c2+ 57. Ka1 d2 58. Re3+ Kc4 59. Re4+ Kd3 0-1

[Event "Memorijal Danilo - Dajo Batricevic"]
[Site "Cetinje"]
[Date "2009.08.12"]
[Round "4.32"]
[White "Ljubisa, Mitar"]
[Black "Draskovic, Davor"]
[Result "1-0"]
[WhiteElo "1964"]
[BlackElo "1702"]
[PlyCount "115"]
[EventDate "2009.08.09"]
[EventRounds "9"]

1. d4 Nf6 2. c4 e6 3. Nc3 Bb4 4. Qc2 O-O 5. Bd2 c5 6. a3 Bxc3 7. Bxc3 cxd4 8.
Bxd4 Nc6 9. Nf3 Nxd4 10. Nxd4 d5 11. e3 Bd7 12. cxd5 Qa5+ 13. b4 Qxd5 14. Rd1
Rac8 15. Qb2 Ba4 16. Rc1 e5 17. Nf3 Rfd8 18. Be2 Qb3 19. Qa1 Rc2 20. Nxe5 Rdd2
21. Bf3 Rxf2 22. Rxc2 Qxc2 23. Nc4 Rxf3 24. gxf3 Qxc4 25. Kf2 Qh4+ 26. Kg2 Qg5+
27. Kf2 Qh4+ 28. Kg2 Qc4 29. Re1 Qc2+ 30. Kg1 h5 31. Qb1 Qxb1 32. Rxb1 Kf8 33.
Rc1 Bc6 34. e4 Ke7 35. b5 Bxb5 36. Rc7+ Ke6 37. Rxb7 a6 38. Kf2 Nd7 39. Ke3 Kd6
40. Ra7 Kc6 41. Ra8 Kb6 42. Kd4 Ka5 43. f4 Ka4 44. e5 Kxa3 45. f5 Kb4 46. e6
fxe6 47. fxe6 Nf6 48. Ra7 Ne8 49. Rf7 a5 50. Rf2 Bc4 51. e7 a4 52. Rc2 Bb5 53.
Rb2+ Ka5 54. Kc5 Bd7 55. Rb7 Bc8 56. Rb8 Ba6 57. Rxe8 a3 58. Ra8 1-0

[Event "Memorijal Danilo - Dajo Batricevic"]
[Site "Cetinje"]
[Date "2009.08.13"]
[Round "5.1"]
[White "Blagojevic, Dragisa"]
[Black "Nikolov, Momchil"]
[Result "1/2-1/2"]
[WhiteElo "2545"]
[BlackElo "2517"]
[PlyCount "50"]
[EventDate "2009.08.09"]
[EventRounds "9"]

1. d4 Nf6 2. c4 e6 3. Nf3 b6 4. g3 Bb7 5. Bg2 Be7 6. O-O O-O 7. Nc3 Ne4 8. Qc2
Nxc3 9. Qxc3 f5 10. b3 Bf6 11. Bb2 d6 12. Rad1 Qe7 13. Ne1 c5 14. Bxb7 Qxb7 15.
Qe3 Re8 16. Qd2 cxd4 17. Bxd4 Bxd4 18. Qxd4 Nc6 19. Qf4 Rad8 20. Nf3 Qe7 21. e4
fxe4 22. Qxe4 d5 23. cxd5 exd5 24. Qa4 Qf6 25. Nd4 Nxd4 1/2-1/2

[Event "Memorijal Danilo - Dajo Batricevic"]
[Site "Cetinje"]
[Date "2009.08.13"]
[Round "5.3"]
[White "Kovacevic, Aleksandar"]
[Black "Ivanovic, Bozidar"]
[Result "1/2-1/2"]
[WhiteElo "2575"]
[BlackElo "2415"]
[PlyCount "105"]
[EventDate "2009.08.09"]
[EventRounds "9"]

1. e4 c5 2. Nf3 d6 3. d4 cxd4 4. Nxd4 Nf6 5. Nc3 a6 6. Be3 e6 7. Be2 Be7 8. f4
Qc7 9. a4 O-O 10. O-O Nbd7 11. g4 d5 12. exd5 Nxd5 13. Nxd5 exd5 14. Bf3 Nf6
15. f5 Bd6 16. g5 Ne4 17. Bxe4 dxe4 18. Qh5 g6 19. Qh6 Re8 20. Rf4 Bf8 21. Qh3
Bxf5 22. Nxf5 gxf5 23. Rxf5 Re5 24. Raf1 Rxf5 25. Qxf5 Re8 26. c3 Re5 27. Qf4
Bc5 28. b4 Bxe3+ 29. Qxe3 Qe7 30. h4 h6 31. Rf6 hxg5 32. hxg5 Qd7 33. Kf2 Qd5
34. Rf4 Qa2+ 35. Ke1 Qb1+ 36. Ke2 Rd5 37. Qxe4 Qd1+ 38. Ke3 Qd2+ 39. Kf3 Qd1+
40. Ke3 Qd2+ 41. Kf3 Rd3+ 42. Kg4 Re3 43. Qd4 Qg2+ 44. Kf5 Qh3+ 45. Rg4 Rf3+
46. Ke5 Rd3 47. Qf4 Qh1 48. Qe4 Qh8+ 49. Kf5 Qh7+ 50. g6 Qh5+ 51. Kf4 Qh6+ 52.
Kf5 Qh5+ 53. Kf4 1/2-1/2

[Event "Memorijal Danilo - Dajo Batricevic"]
[Site "Cetinje"]
[Date "2009.08.13"]
[Round "5.4"]
[White "Dumpor, Atif"]
[Black "Drasko, Milan"]
[Result "1/2-1/2"]
[WhiteElo "2404"]
[BlackElo "2527"]
[PlyCount "27"]
[EventDate "2009.08.09"]
[EventRounds "9"]

1. Nf3 Nf6 2. g3 d5 3. Bg2 c6 4. O-O Bg4 5. c4 e6 6. cxd5 Bxf3 7. Bxf3 cxd5 8.
d3 Nc6 9. Bg2 Be7 10. Nc3 O-O 11. Bd2 Rc8 12. Rc1 Nd7 13. a3 a6 14. b4 1/2-1/2

[Event "Memorijal Danilo - Dajo Batricevic"]
[Site "Cetinje"]
[Date "2009.08.13"]
[Round "5.5"]
[White "Bojkov, Dejan"]
[Black "Dabetic, Radojica"]
[Result "1-0"]
[WhiteElo "2521"]
[BlackElo "2340"]
[PlyCount "101"]
[EventDate "2009.08.09"]
[EventRounds "9"]

1. e4 c5 2. Nf3 d6 3. Bb5+ Bd7 4. Bxd7+ Nxd7 5. O-O Ngf6 6. Qe2 e6 7. b3 Be7 8.
Bb2 O-O 9. c4 Re8 10. d4 cxd4 11. Nxd4 Qb6 12. Rd1 Nc5 13. Nc3 Rad8 14. Nc2 a6
15. Qf3 Ncd7 16. Ne3 Qc6 17. Nc2 Rc8 18. Rac1 Qb6 19. Qe2 Qa5 20. Nd4 Bf8 21.
Rc2 Nc5 22. a3 Qb6 23. b4 Ncd7 24. Kh1 Qc7 25. Nb1 Qb8 26. Nf3 e5 27. Rdc1 b6
28. Nc3 Qb7 29. Nd5 Rc6 30. Nd2 b5 31. Nb3 Rxc4 32. Rxc4 bxc4 33. Na5 Qa7 34.
Nxf6+ Nxf6 35. Rxc4 d5 36. exd5 Nxd5 37. h3 Qd7 38. Qd3 Re6 39. Nb3 Qb5 40. Nc5
Nb6 41. Rc1 Re8 42. Qe4 f6 43. Kh2 Kh8 44. Rc2 Rb8 45. Ne6 Na4 46. Bc1 Kg8 47.
Rc7 Qb6 48. Qc4 Kh8 49. Nxf8 Rxf8 50. Qf7 Rg8 51. Bh6 1-0

[Event "Memorijal Danilo - Dajo Batricevic"]
[Site "Cetinje"]
[Date "2009.08.13"]
[Round "5.6"]
[White "Galic, Ivan"]
[Black "Kosic, Dragan"]
[Result "1/2-1/2"]
[WhiteElo "2349"]
[BlackElo "2488"]
[PlyCount "211"]
[EventDate "2009.08.09"]
[EventRounds "9"]

1. c4 c5 2. Nf3 Nc6 3. d4 cxd4 4. Nxd4 e6 5. g3 Nf6 6. Bg2 Bb4+ 7. Bd2 Be7 8.
Bc3 O-O 9. e4 d5 10. exd5 exd5 11. cxd5 Nxd5 12. Nxc6 bxc6 13. O-O Be6 14. Qd4
Nxc3 15. Qxc3 Bf6 16. Qc2 Rb8 17. Nc3 Qa5 18. Bxc6 Rfc8 19. Bg2 Rxb2 20. Qxb2
Bxc3 21. Qb7 Bxa1 22. Rxa1 g6 23. a4 Rc2 24. Be4 Rd2 25. Bg2 Qc3 26. Rf1 Qd4
27. Qe4 Bd7 28. a5 Qxe4 29. Bxe4 Ra2 30. Rd1 Bh3 31. f3 Rxa5 32. g4 Ra2 33. Bd5
Rg2+ 34. Kh1 a5 35. Ra1 a4 36. Ba8 Rd2 37. Kg1 h5 38. gxh5 Bd7 39. hxg6 fxg6
40. Be4 Kg7 41. Ra3 Kf6 42. h4 Bb5 43. Rc3 Rb2 44. Bc6 Bxc6 45. Rxc6+ Kg7 46.
Ra6 Rb4 47. Kg2 Rxh4 48. Kg3 Rc4 49. Ra7+ Kh6 50. Ra6 Rd4 51. Ra7 g5 52. Ra6+
Kh5 53. Ra5 Kg6 54. Ra6+ Kh5 55. Ra5 Rc4 56. Ra6 Rb4 57. Ra5 Kg6 58. Ra6+ Kf5
59. Ra5+ Kf6 60. Ra6+ Ke5 61. Ra5+ Kd4 62. Rxg5 Kc3 63. Ra5 Kb3 64. f4 a3 65.
Kg4 a2 66. Rxa2 Kxa2 67. Kf5 Kb3 68. Ke5 Kc4 69. f5 Rb5+ 70. Ke6 Rb6+ 71. Ke5
Rb5+ 72. Ke6 Kd4 73. f6 Rb6+ 74. Ke7 Ke5 75. f7 Rb7+ 76. Ke8 Ke6 77. f8=N+ Kd6
78. Ng6 Rg7 79. Nf4 Rg4 80. Nd3 Rg3 81. Nb4 Rg4 82. Nd3 Rd4 83. Nc1 Re4+ 84.
Kf7 Re3 85. Kf6 Kd5 86. Kf5 Kd4 87. Kf4 Re8 88. Nb3+ Kc4 89. Nd2+ Kd3 90. Nf3
Rf8+ 91. Kg4 Ke3 92. Ng5 Rf2 93. Ne6 Rf7 94. Ng5 Rf6 95. Nh7 Rf4+ 96. Kg5 Kf3
97. Nf6 Ra4 98. Kf5 Ra5+ 99. Ke6 Kf4 100. Nd5+ Ke4 101. Nf6+ Kd4 102. Ng4 Rb5
103. Nf6 Re5+ 104. Kd6 Re1 105. Nd7 Rh1 106. Ke6 1/2-1/2

[Event "Memorijal Danilo - Dajo Batricevic"]
[Site "Cetinje"]
[Date "2009.08.13"]
[Round "5.7"]
[White "Miron, Lucian-Costin"]
[Black "Kalezic, Blazo"]
[Result "1/2-1/2"]
[WhiteElo "2479"]
[BlackElo "2445"]
[PlyCount "95"]
[EventDate "2009.08.09"]
[EventRounds "9"]

1. d4 d5 2. c4 c6 3. Nf3 Nf6 4. Nbd2 Bf5 5. Nh4 Be6 6. e3 g6 7. Bd3 Bg7 8. O-O
O-O 9. b4 dxc4 10. Nxc4 Bxc4 11. Bxc4 Nd5 12. Qb3 b5 13. Be2 a5 14. bxa5 Rxa5
15. Nf3 Nd7 16. Bd2 Ra7 17. Rfc1 Qa8 18. Qc2 Ra6 19. e4 Nc7 20. Bb4 Ne6 21. e5
Re8 22. Bd3 Qa7 23. d5 cxd5 24. Bxb5 Rb6 25. Qe2 Rb7 26. a4 Rc7 27. Qd2 Rec8
28. Rxc7 Qxc7 29. Ba5 Qa7 30. Re1 Ndc5 31. Bb4 Ne4 32. Qe3 Qc7 33. Bd3 Ra8 34.
a5 Rb8 35. Bxe4 Rxb4 36. Bxd5 Qxa5 37. Bxe6 fxe6 38. Qc3 Qb6 39. h4 Rb1 40.
Rxb1 Qxb1+ 41. Kh2 Qf5 42. Qe3 h6 43. g3 g5 44. hxg5 hxg5 45. Nxg5 Bh6 46. f4
Bxg5 47. fxg5 Kg7 48. Qf4 1/2-1/2

[Event "Memorijal Danilo - Dajo Batricevic"]
[Site "Cetinje"]
[Date "2009.08.13"]
[Round "5.8"]
[White "Paulet, Iozefina"]
[Black "Rajkovic, Dusan"]
[Result "1/2-1/2"]
[WhiteElo "2327"]
[BlackElo "2477"]
[PlyCount "50"]
[EventDate "2009.08.09"]
[EventRounds "9"]

1. e4 c5 2. Nf3 e6 3. d4 cxd4 4. Nxd4 Nc6 5. Nc3 Qc7 6. Be3 a6 7. Be2 Nf6 8.
O-O Be7 9. f4 d6 10. a4 O-O 11. Kh1 Re8 12. Bf3 Nxd4 13. Bxd4 e5 14. Be3 exf4
15. Bxf4 Be6 16. Ne2 Bc4 17. b3 Bxe2 18. Qxe2 Bf8 19. Rad1 Nd7 20. Rd5 Ne5 21.
Qd2 Re6 22. Bxe5 Rxe5 23. Rxe5 dxe5 24. Be2 Rd8 25. Bd3 Bc5 1/2-1/2

[Event "Memorijal Danilo - Dajo Batricevic"]
[Site "Cetinje"]
[Date "2009.08.13"]
[Round "5.9"]
[White "Djukic, Nikola"]
[Black "Mijovic, Stefan"]
[Result "1-0"]
[WhiteElo "2491"]
[BlackElo "2325"]
[PlyCount "55"]
[EventDate "2009.08.09"]
[EventRounds "9"]

1. d4 d5 2. c4 e6 3. Nc3 Be7 4. cxd5 exd5 5. Bf4 c6 6. e3 Bf5 7. g4 Be6 8. h4
Nf6 9. g5 Ne4 10. Bd3 Bf5 11. Qc2 Qa5 12. Kf1 Na6 13. Nxe4 Nb4 14. Qb3 Bxe4 15.
Bxe4 dxe4 16. Kg2 Qf5 17. a3 Nd5 18. Qxb7 O-O 19. Bg3 c5 20. Nh3 cxd4 21. exd4
e3 22. Rhe1 Rac8 23. Re2 Qg4 24. Rae1 Rfd8 25. Kh2 Qxd4 26. fxe3 Qc5 27. e4 Nb6
28. b4 1-0

[Event "Memorijal Danilo - Dajo Batricevic"]
[Site "Cetinje"]
[Date "2009.08.13"]
[Round "5.10"]
[White "Draganic, Veljko"]
[Black "Miladinovic, Igor"]
[Result "1-0"]
[WhiteElo "2278"]
[BlackElo "2570"]
[PlyCount "76"]
[EventDate "2009.08.09"]
[EventRounds "9"]

1. e4 c5 2. Nf3 e6 3. d4 cxd4 4. Nxd4 a6 5. Nc3 b5 6. Bd3 Bb7 7. O-O Qc7 8. Qe2
Bd6 9. Kh1 Nc6 10. Nxc6 Qxc6 11. f4 b4 12. Nd5 Nf6 13. Nxf6+ gxf6 14. Bd2 Rg8
15. Rf3 Rc8 16. c3 Qb6 17. cxb4 f5 18. a3 fxe4 19. Bxe4 Bxe4 20. Qxe4 f5 21.
Qd3 Be7 22. Bc3 Qb5 23. Qd2 Rc4 24. a4 Qb7 25. b5 axb5 26. axb5 Rg4 27. h3 Rg6
28. Qe2 Qxb5 29. Ra8+ Kf7 30. Rh8 Bf6 31. Rxh7+ Kg8 32. Rxd7 Qc6 33. Rd6 Re4
34. Qd3 Qc5 35. Rg3 Bxc3 36. Rxg6+ Kf7 37. Rgxe6 Bd4 38. Rc6 Qd5 1-0

[Event "Memorijal Danilo - Dajo Batricevic"]
[Site "Cetinje"]
[Date "2009.08.13"]
[Round "5.11"]
[White "Boshku, Harallamb"]
[Black "Stojanovic, Dalibor"]
[Result "1/2-1/2"]
[WhiteElo "2309"]
[BlackElo "2471"]
[PlyCount "44"]
[EventDate "2009.08.09"]
[EventRounds "9"]

1. d4 Nf6 2. c4 g6 3. Nc3 Bg7 4. e4 d6 5. Nf3 O-O 6. h3 c5 7. Be2 cxd4 8. Nxd4
Nc6 9. Be3 Bd7 10. O-O Nxd4 11. Bxd4 Bc6 12. Qd3 a5 13. Rab1 Nd7 14. Bxg7 Kxg7
15. Qd4+ f6 16. Rfd1 Nc5 17. b3 e5 18. Qxd6 Qxd6 19. Rxd6 Nxe4 20. Nxe4 Bxe4
21. Rbd1 Bc6 22. c5 Rfc8 1/2-1/2

[Event "Memorijal Danilo - Dajo Batricevic"]
[Site "Cetinje"]
[Date "2009.08.13"]
[Round "5.12"]
[White "Krivokapic, Marko"]
[Black "Brajovic, Radovan"]
[Result "1-0"]
[WhiteElo "2416"]
[BlackElo "2245"]
[PlyCount "61"]
[EventDate "2009.08.09"]
[EventRounds "9"]

1. e4 c5 2. Nf3 e6 3. d4 cxd4 4. Nxd4 Nc6 5. Nc3 Qc7 6. Be2 a6 7. Be3 Nf6 8. a3
b5 9. f4 Bb7 10. O-O Bc5 11. b4 Nxd4 12. Bxd4 Bxd4+ 13. Qxd4 Rc8 14. Rf3 O-O
15. Raf1 Kh8 16. e5 Nd5 17. Ne4 f5 18. Nc5 Ra8 19. Nxb7 Qxb7 20. Rd3 Qa7 21.
Bf3 Nxf4 22. Rd2 d5 23. exd6 Qxd4+ 24. Rxd4 e5 25. Rxf4 exf4 26. Bxa8 Rxa8 27.
Rxf4 g6 28. c4 bxc4 29. Rxc4 Kg7 30. Rc7+ Kf6 31. Rxh7 1-0

[Event "Memorijal Danilo - Dajo Batricevic"]
[Site "Cetinje"]
[Date "2009.08.13"]
[Round "5.14"]
[White "Bogut, Zeljko"]
[Black "Bajkovic, Nikola"]
[Result "1-0"]
[WhiteElo "2451"]
[BlackElo "2143"]
[PlyCount "107"]
[EventDate "2009.08.09"]
[EventRounds "9"]

1. e4 c5 2. Nf3 d6 3. d4 cxd4 4. Nxd4 a6 5. Nc3 Nf6 6. Be3 e5 7. Nb3 Be7 8. f3
Be6 9. Qd2 Nbd7 10. g4 Qc7 11. O-O-O b5 12. Kb1 b4 13. Ne2 a5 14. g5 Nh5 15.
Ng3 Nxg3 16. hxg3 a4 17. Nc1 Qa5 18. Bh3 Nb6 19. Bxb6 Qxb6 20. g6 h6 21. f4 Qb5
22. f5 Bd7 23. Bf1 Qa5 24. gxf7+ Kxf7 25. Bc4+ Ke8 26. Bd5 Rb8 27. a3 Qb5 28.
Qxb4 Qxb4 29. axb4 Rxb4 30. c3 Rb6 31. Kc2 Bg5 32. Nd3 Ke7 33. Ra1 Rc8 34. Ra2
Rc7 35. Rha1 Bb5 36. Nb4 Be8 37. Rxa4 Bxa4+ 38. Rxa4 Be3 39. Be6 Rxb4 40. Rxb4
Kf6 41. Rb8 Bf2 42. g4 Kg5 43. Kd3 Kf4 44. Rd8 Bc5 45. b4 Bf2 46. Rxd6 Be1 47.
Bc4 Kxg4 48. Rg6+ Kh5 49. b5 Bf2 50. Bd5 Be1 51. b6 Rxc3+ 52. Ke2 Rc1 53. b7
Rb1 54. Rg1 1-0

[Event "Memorijal Danilo - Dajo Batricevic"]
[Site "Cetinje"]
[Date "2009.08.13"]
[Round "5.15"]
[White "Kontic, Djordjije"]
[Black "Kraljevic, Ivan"]
[Result "1-0"]
[WhiteElo "2364"]
[BlackElo "2130"]
[PlyCount "111"]
[EventDate "2009.08.09"]
[EventRounds "9"]

1. e4 e6 2. d4 d5 3. e5 c5 4. c3 Nc6 5. Nf3 Qb6 6. a3 Bd7 7. b4 cxd4 8. cxd4
Rc8 9. Be3 Nh6 10. Bd3 Nf5 11. O-O Be7 12. Qd2 O-O 13. Bxf5 exf5 14. Nc3 Be6
15. Rfc1 Rfd8 16. Rab1 a6 17. Na4 Qa7 18. Nc5 b6 19. Nxa6 Qxa6 20. b5 Qa4 21.
bxc6 Rxc6 22. Rxc6 Qxc6 23. Bg5 Bxg5 24. Nxg5 Bd7 25. h4 h6 26. Nh3 Rc8 27. Nf4
b5 28. Qb4 Ra8 29. Qb3 Qc4 30. Nxd5 Qxd4 31. Ne7+ Kf8 32. Rd1 Be6 33. Rxd4 Bxb3
34. Nxf5 Be6 35. Nd6 Rxa3 36. f4 Rb3 37. f5 Bd7 38. g4 Re3 39. Nxf7 Bxf5 40.
gxf5 Kxf7 41. Rd5 b4 42. Kf2 Rh3 43. Rd7+ Kf8 44. e6 b3 45. Rf7+ Kg8 46. Rb7
Kf8 47. Rb8+ Ke7 48. Rg8 b2 49. Rxg7+ Kd8 50. Rd7+ Kc8 51. Rd1 Rxh4 52. e7 Re4
53. f6 b1=Q 54. Rxb1 Kd7 55. Rb8 Re6 56. Rd8+ 1-0

[Event "Memorijal Danilo - Dajo Batricevic"]
[Site "Cetinje"]
[Date "2009.08.13"]
[Round "5.16"]
[White "Budimir, Boris"]
[Black "Durutovic, Dragutin"]
[Result "1-0"]
[WhiteElo "2352"]
[BlackElo "2116"]
[PlyCount "107"]
[EventDate "2009.08.09"]
[EventRounds "9"]

1. e4 e5 2. Nf3 Nc6 3. Bc4 Bc5 4. c3 Nf6 5. d3 h6 6. b4 Bb6 7. a4 a6 8. Nbd2
O-O 9. O-O d5 10. Ba2 Bg4 11. Ba3 dxe4 12. Nxe4 Re8 13. h3 Nxe4 14. dxe4 Be6
15. Bd5 Qf6 16. c4 Rad8 17. c5 Ba7 18. Qb3 Bc8 19. Bb2 a5 20. Nxe5 Nxe5 21. f4
Qg6 22. Bxe5 Re7 23. f5 Qh5 24. Bxg7 axb4 25. Rac1 Qg5 26. Bb2 c6 27. f6 Red7
28. Rf5 Qg6 29. Rf3 Kf8 30. Qxb4 Bb8 31. Bb3 Rd2 32. Rf2 Rxf2 33. Kxf2 Qg3+ 34.
Kf1 Bf4 35. Rd1 Rxd1+ 36. Bxd1 Be3 37. Qe1 Qf4+ 38. Bf3 Be6 39. Qc3 Bxh3 40.
Ke2 Bg1 41. gxh3 Qh2+ 42. Kd3 Qxh3 43. Kc2 Kg8 44. Be2 Qg2 45. Qf3 Qg5 46. Qg4
Bxc5 47. Qxg5+ hxg5 48. Bg4 Bd6 49. Bc8 b6 50. Bb7 c5 51. e5 Bc7 52. Kd3 Kh7
53. Ke4 Kg6 54. Bc8 1-0

[Event "Memorijal Danilo - Dajo Batricevic"]
[Site "Cetinje"]
[Date "2009.08.13"]
[Round "5.17"]
[White "Vujacic, Borivoje"]
[Black "Ashiku, Franc"]
[Result "0-1"]
[WhiteElo "2315"]
[BlackElo "2041"]
[PlyCount "76"]
[EventDate "2009.08.09"]
[EventRounds "9"]

1. e4 c5 2. Nf3 Nc6 3. Bb5 g6 4. Bxc6 dxc6 5. d3 Bg7 6. h3 Nf6 7. Nc3 h6 8. Be3
Nd7 9. Qd2 Qa5 10. O-O e5 11. a3 Nf8 12. b4 Qd8 13. Na4 b6 14. bxc5 b5 15. Nb2
f5 16. Qc3 Qe7 17. exf5 Bxf5 18. d4 Nd7 19. Rfe1 e4 20. Nd2 Qxc5 21. Qxc5 Nxc5
22. c4 O-O-O 23. cxb5 Bxd4 24. Ndc4 cxb5 25. Bxd4 Rxd4 26. Na5 Kc7 27. Rac1 Kb6
28. g4 Be6 29. Re3 Rc8 30. Rec3 Kxa5 31. Rxc5 Rxc5 32. Rxc5 Rd2 33. Re5 Bb3 34.
a4 Rxb2 35. Rxb5+ Kxa4 36. Rb7 a5 37. Rb6 Rb1+ 38. Kg2 e3 0-1